00990nam a2200241 a 4500001001000000003000500010005001700015008004100032010001100073011001100084040000900095100003500104245014600139260004100285500006000326502010900386650005600495650003000551650003800581650004300619856001600662856007000678000114112CHAP20220329144427.0171103s2017 mx sm |||||||spa d a110573 a111545 cCHAP1 aAcevedo Leana, César Eduardo10aIdentificación Morfológica y molecular de la roya en Ribes affine en Tlaxcala, Méxicoh[En línea]cpor César Esuardo Acevedo Leana. aChapingo, Méx. :bEl autor,c2017. aPara ver el contenido del material haga clic en la liga aTesis (Ing. Agr. Esp. en Parasitología Agrícola) -- UACH. Departamento de Parasitología Agrícola14aColeosporium rubicolaxFisiología y morfología.14aHongosxIdentificación.14aPlantasxEnfermedades por hongos.14aRibes affinexEnfermedades por hongos. a1 n0000018 aFinding aiduhttp://10.13.5.2/tesis/sist114112.pdfzTeclea aquí